[Event "SLO-chT1 East"]
[Site "Celje"]
[Date "2008.12.12"]
[Round "2"]
[White "Slamberger, Viktor"]
[Black "Hocevar, Nikola"]
[Result "1/2-1/2"]
[WhiteElo "2059"]
[BlackElo "2113"]
[PlyCount "26"]
[EventDate "2008.11.20"]
[EventType "team-tourn"]
[EventRounds "9"]
[EventCountry "SLO"]
[SourceTitle "EXT 2010"]
[Source "ChessBase"]
[SourceDate "2010.11.25"]
[SourceVersion "1"]
[SourceVersionDate "2010.11.25"]
[SourceQuality "1"]

1. d4 d5 2. Nf3 c6 3. e3 Bf5 4. Bd3 Bxd3 5. Qxd3 Nd7 6. 0-0 Ngf6 7. Nbd2 g6 8. e4 dxe4 9. Nxe4 Bg7 10. c3 0-0 11. Re1 Re8 12. Nxf6+ Nxf6 13. Qc2 Qc7 1/2-1/2

[Event "SLO-chT1 East"]
[Site "Celje"]
[Date "2007.11.04"]
[Round "1"]
[White "Podhraski, Dejan"]
[Black "Slamberger, Viktor"]
[Result "1-0"]
[WhiteElo "2140"]
[BlackElo "2080"]
[PlyCount "53"]
[EventDate "2007.11.11"]
[EventType "team-tourn"]
[EventRounds "9"]
[EventCountry "SLO"]
[SourceTitle "EXT 2010"]
[Source "ChessBase"]
[SourceDate "2010.11.25"]
[SourceVersion "1"]
[SourceVersionDate "2010.11.25"]
[SourceQuality "1"]

1. d4 Nf6 2. c4 e6 3. Nc3 d5 4. cxd5 exd5 5. Bg5 c6 6. e3 Be7 7. Bd3 Ne4 8. Bxe7 Qxe7 9. Qc2 f5 10. Nxd5 cxd5 11. Qxc8+ Kf7 12. Qxf5+ Nf6 13. Nf3 g6 14. Ne5+ Kg7 15. Qg5 Qb4+ 16. Kf1 Ne4 17. Bxe4 dxe4 18. Rc1 Qb5+ 19. Kg1 Nc6 20. Rxc6 bxc6 21. Qe7+ Kh6 22. Nf7+ Kh5 23. g4+ Kxg4 24. Qxe4+ Kh5 25. Qf3+ Kh4 26. Qg3+ Kh5 27. Qh3# 1-0

[Event "SLO-chT1 East"]
[Site "Celje"]
[Date "2006.11.12"]
[Round "6"]
[White "Slamberger, Viktor"]
[Black "Buzeti, Jernej"]
[Result "1/2-1/2"]
[WhiteElo "2063"]
[BlackElo "2088"]
[PlyCount "23"]
[EventDate "2006.11.04"]
[EventType "team"]
[EventRounds "9"]
[EventCountry "SLO"]
[SourceTitle "EXT 2008"]
[Source "ChessBase"]
[SourceDate "2007.11.25"]
[SourceVersion "1"]
[SourceVersionDate "2007.11.25"]
[SourceQuality "1"]

1. d4 d5 2. Nf3 Nf6 3. c4 c6 4. Nc3 dxc4 5. a4 Bf5 6. Nh4 Bg4 7. Nf3 e6 8. e3 Bb4 9. Bxc4 0-0 10. 0-0 Nbd7 11. h3 Bxf3 12. Qxf3 1/2-1/2

[Event "SLO-chT1 East"]
[Site "Celje"]
[Date "2006.11.04"]
[Round "1"]
[White "Slamberger, Viktor"]
[Black "Korze, Danilo"]
[Result "1/2-1/2"]
[WhiteElo "2063"]
[BlackElo "2062"]
[PlyCount "27"]
[EventDate "2006.11.04"]
[EventType "team"]
[EventRounds "9"]
[EventCountry "SLO"]
[SourceTitle "EXT 2008"]
[Source "ChessBase"]
[SourceDate "2007.11.25"]
[SourceVersion "1"]
[SourceVersionDate "2007.11.25"]
[SourceQuality "1"]

1. e4 e6 2. Nf3 d5 3. exd5 exd5 4. d4 Bd6 5. Bd3 Ne7 6. 0-0 0-0 7. c3 Bf5 8. Be2 Re8 9. Re1 Nbc6 10. Bg5 f6 11. Bh4 Ng6 12. Bg3 Bxg3 13. hxg3 Bg4 14. Nfd2 1/2-1/2

[Event "SLO Cup final"]
[Site "Rogla"]
[Date "2002.06.08"]
[Round "3"]
[White "Buzeti, Jernej"]
[Black "Slamberger, Viktor"]
[Result "0-1"]
[WhiteElo "1587"]
[BlackElo "2039"]
[PlyCount "66"]
[EventDate "2002.06.07"]
[EventType "swiss"]
[EventRounds "5"]
[EventCountry "SLO"]
[SourceTitle "EXT 2008"]
[Source "ChessBase"]
[SourceDate "2007.11.25"]
[SourceVersion "1"]
[SourceVersionDate "2007.11.25"]
[SourceQuality "1"]

1. e4 c5 2. Nf3 Nc6 3. d4 cxd4 4. Nxd4 Nf6 5. Nc3 d6 6. Be2 g6 7. Be3 Bg7 8. f3 a6 9. Qd2 Bd7 10. a3 b5 11. 0-0-0 Rb8 12. Nxc6 Bxc6 13. Bh6 Bxh6 14. Qxh6 b4 15. axb4 Qc7 16. Na2 a5 17. b5 Bxb5 18. Bxb5+ Rxb5 19. Nc3 Rh5 20. Qe3 Rc5 21. Rd2 Qb7 22. Rhd1 0-0 23. Nd5 Nxd5 24. Rxd5 Rfc8 25. Rxc5 Rxc5 26. Rd4 Qc6 27. Qd3 a4 28. f4 a3 29. b3 a2 30. Kb2 Rxc2+ 31. Ka1 Rxg2 32. Rc4 Rg1+ 33. Kxa2 Qa6+ 0-1

[Event "Ljubljana op 5th"]
[Site "Ljubljana"]
[Date "1994.??.??"]
[Round "?"]
[White "Praznik, Anton"]
[Black "Slamberger, Viktor"]
[Result "1-0"]
[WhiteElo "2280"]
[BlackElo "2115"]
[PlyCount "61"]
[EventDate "1994.06.??"]
[EventType "swiss"]
[EventRounds "9"]
[EventCountry "SLO"]
[SourceTitle "TD"]
[Source "ChessBase"]
[SourceDate "1994.03.01"]
[SourceVersion "1"]
[SourceVersionDate "1994.03.01"]
[SourceQuality "1"]

1. e4 c5 2. c3 g6 3. Nf3 Bg7 4. Bc4 Qc7 5. 0-0 Nc6 6. d3 Nf6 7. a4 0-0 8. Qe2 Ng4 9. h3 Nge5 10. Nxe5 Nxe5 11. Ba2 Qd6 12. Rd1 b6 13. f4 Nc6 14. e5 Qc7 15. Nd2 a5 16. Ne4 Bb7 17. Qf2 Rad8 18. Qh4 d6 19. exd6 exd6 20. f5 Ne7 21. fxg6 Nxg6 22. Nf6+ Bxf6 23. Qxf6 Qc6 24. Qf2 d5 25. Bg5 Rfe8 26. d4 c4 27. Bb1 Bc8 28. Rf1 Rd7 29. h4 Ne5 30. Qg3 Ng4 31. Qxg4 1-0

[Event "Ljubljana op 5th"]
[Site "Ljubljana"]
[Date "1994.??.??"]
[Round "?"]
[White "Slamberger, Viktor"]
[Black "Ankerst, Mihael"]
[Result "0-1"]
[WhiteElo "2115"]
[BlackElo "2285"]
[PlyCount "58"]
[EventDate "1994.06.??"]
[EventType "swiss"]
[EventRounds "9"]
[EventCountry "SLO"]
[SourceTitle "TD"]
[Source "ChessBase"]
[SourceDate "1994.03.01"]
[SourceVersion "1"]
[SourceVersionDate "1994.03.01"]
[SourceQuality "1"]

1. e4 c5 2. d3 Nc6 3. g3 d5 4. Nd2 Nf6 5. Bg2 e5 6. Ne2 Be7 7. 0-0 0-0 8. h3 Re8 9. f4 dxe4 10. Nxe4 Nxe4 11. dxe4 exf4 12. gxf4 Be6 13. c3 Bc4 14. Bf3 Bh4 15. e5 Qb6 16. Be3 Rad8 17. Qa4 Bb5 18. Qc2 Bd3 19. Qa4 Ne7 20. Rad1 Qg6+ 21. Kh1 Bc2 22. Rxd8 Bxa4 23. Rd6 Qc2 24. Bxc5 Bc6 25. Nd4 Bxf3+ 26. Nxf3 Nf5 27. Rd2 Qe4 28. Kg1 Ng3 29. Nxh4 Nxf1 0-1